000 00767cab a2200265 4500
001 ABS57281
008 090401t1997 xxu||||| |||| 00| 0 eng d
035 _a(Sirsi) u79585
041 _aeng
100 _aTerry, R.
245 2 _aA reward for initiative
260 _c1997
350 _a0
490 _aInside Housing
_v27 June 1997, 18-19(2)
520 _aSuggests how the PFI needs to be adapted to kick-start the affordable rented housing sector, however short-term this might be.
650 _aCIH
650 _aHOUSING ASSOCIATIONS
650 _aPFI
650 _aPRIVATE FINANCE INITIATIVE
650 _aRENTED HOUSING
650 _aSOCIAL HOUSING
690 _aPROPERTY-PROPERTY FINANCE AND INVESTMENT
942 _n0
948 _c11/07/1997
999 _c50046
_d50046